000 00591nam a2200181Ia 4500
008 090123s9999 xx 000 0 und d
082 _b39686
100 _aबर्वे राजेंद्र
245 _aआनंदी मनासाठी
250 _a1
260 _bमनोविकास प्रकाशन
_c2006
300 _a128
600 _aबर्वे राजेंद्र
630 _aआनंदी मनासाठी
700 _aबर्वे राजेंद्र
730 _aआनंदी मनासाठी
942 _cBOOK
999 _c77759
_d77759